000 00460nam a2200181Ia 4500
005 20240823024354.0
008 240823s9999||||xx |||||||||||||| ||und||
041 _aENGLISH
082 _A629.13338 P8
100 _a"Anderson,John D"
245 0 _aFundamentals of Aerodynamics
250 _a4th
260 _c2008
_b"Tata McGraw-Hill,New Delhi"
500 _aISSUED
650 _aAerodynamics
_bAeronautical Engineering
942 _cBK
999 _c183768
_d183768